| 000 | 00691nam a22002297a 4500 | ||
|---|---|---|---|
| 003 | UA-OsUOA | ||
| 001 | 119546 | ||
| 007 | ta | ||
| 008 | 20161102b un ||||| |||| 00| 0 ukr d | ||
| 090 |
_a929(477):7.071.1 _bС17 |
||
| 942 | _cBK | ||
| 040 |
_aUA-OsUOA _bukr _cUA-OsUOA _dUA-OsUOA |
||
| 245 |
_aСамі про себе _bавтобіографії українських митців 1920-х років _cупор. Р. Мовчан |
||
| 300 | _a640 с. | ||
| 955 | _a1 | ||
| 041 | _aukr | ||
| 080 | _a929(477):7.071.1 | ||
| 020 | _a978-617-7023-36-3 | ||
| 260 |
_aК. _bКліо _c2015 |
||
| 650 | 7 |
_a9 Географія. Біографії. Історія _2UDC |
|
| 999 |
_c405691 _d405691 |
||